| 000 | 02346nam a2200421 c 4500 | ||
|---|---|---|---|
| 003 | BLK | ||
| 005 | 20250719122545.0 | ||
| 008 | 180412b bul|||||r ||||||| ||bul|| | ||
| 010 | _aKNG00007862000 | ||
| 020 |
_a954-8023-34-2 _bиздат.: Слънце - на том(ч. 1) |
||
| 040 | _aBLK | ||
| 041 |
_aBUL _cBUL |
||
| 080 |
_aСъставяне на правителство. Министър-председател _b328.131 _x(410)(092)(093.3) _z328.131(410)(092)(093.3) |
||
| 080 |
_aПартии и движения с консервативни възгледи. Консервативни партии _b329.11 _x(410)(092)(093.3) _z329.11(410)(092)(093.3) |
||
| 080 |
_a _b929 Тачър, Маргарет _x _z929 Тачър, Маргарет |
||
| 100 | 1 |
_aТачър, Маргарет _eпърви автор _9128023 |
|
| 700 | 1 |
_aСлавчева-Драгомирецкая, Бойка Цветанова _eпрев. от англ. _9242485 |
|
| 700 | 1 |
_aПетров, Милко Димитров _eпредг. от _9251665 |
|
| 139 |
_aТачър, Маргарет _bТ 41 |
||
| 245 | 1 | 0 |
_aГодините на Даунинг стрийт _bЧ. 1 - _cМаргарет Тачър; прев. от англ. Бойка Цветанова Славчева-Драгомирецкая; предг. от Милко Димитров Петров. _nЧ. 1 |
| 257 | _aGBR | ||
| 260 |
_аСофия _c1995 - _fВ. Търново : Абагар |
||
| 300 | _c20 см | ||
| 380 | _a3 | ||
| 500 | _aДруги прев.: К. Р. Горненски, Л. Й. Колечкова, М. Н. Гайтанникова, П. Ат. Казакова ; 3 000 тир. | ||
| 600 | 1 | 4 |
_aТачър, Маргарет _9128023 |
| 650 | 4 |
_aПолитици, английски - спомени _9251666 |
|
| 650 | 4 |
_aКонсервативни партии - Великобритания - дейци _9251667 |
|
| 650 | 4 |
_aВеликобритания - политика - спомени _9251668 |
|
| 651 | 4 |
_aВеликобритания _9178698 |
|
| 760 | 1 |
_3- на том(ч. 1) _aТачър, Маргарет _dСлънце, 1995 _h608 с. _tЧ. 1 |
|
| 852 | _aЦб 182897 | ||
| 856 | 4 |
_qpdf _u |
|
| 856 | 4 |
_qpdf _u |
|
| 942 |
_cKNG _n0 _09 |
||
| 944 |
_aCR _c15.01.2003 _k30545 _lНора Радева |
||
| 944 |
_aED _c01.07.2003 _k |
||
| 999 |
_c6611 _d6611 |
||